| 000 | 00594nam a2200181 i 4500 | ||
|---|---|---|---|
| 001 | 146944 | ||
| 003 | ES-MaACL | ||
| 005 | 20250416222539.0 | ||
| 007 | t| | ||
| 008 | 070919s1961 sp ||||1| spa d | ||
| 100 | 1 |
_aChrétien de Troyes. _938642 |
|
| 245 | 1 | 0 |
_aPerceval o el Cuento del Grial / _cChrétien de Troyes ; traducción del texto francés del siglo XII por Martín de Riquer. |
| 260 |
_a[Madrid] : _bEspasa Calpe, _c[1961] |
||
| 300 |
_a228 p. ; _c18 cm. |
||
| 700 | 1 |
_aRiquer, Martín de, _d1914-2013 _9240061 |
|
| 852 |
_aES-MaACL _jF-229 _bR.48000 |
||
| 999 |
_c146944 _d146944 |
||